| 000 | 01394nam a2200265Ia 4500 | ||
|---|---|---|---|
| 999 |
_c40026 _d40026 |
||
| 001 | 6632 | ||
| 003 | GE_BSU | ||
| 005 | 20191209173430.0 | ||
| 008 | 181216s2009||||ge |||||||||||||| ||geo|| | ||
| 020 | _a9789941412622 | ||
| 040 | _cGE_BSU | ||
| 041 | _ageo | ||
| 080 | _a009(063) ჰ-95 | ||
| 245 |
_aჰუმანიტარული მეცნიერებები ინფორმაციულ საზოგადოებაში = Humanities in the information society : _bსაერთაშორისო კონფერენციის მასალები. ტ.2 / _cრედ. მარინა გიორგაძე. |
||
| 264 |
_aთბილისი : _bშოთა რუსთაველის სახ. უნ-ტის გამ-ბა , _c2010. |
||
| 300 |
_a591გვ. ; _b29 სმ. |
||
| 520 | _a რეზ. ქართ., ინგლ.. | ||
| 653 | _aკონფერენციის მასალები | ||
| 653 | _a | ||
| 700 |
_aფანჯიკიძე, დ. _eავტორი _92310 |
||
| 700 |
_aჯანელიძე, ნ. _eავტორი _92311 |
||
| 700 |
_aნოზაძე, ლ. და სხვ. _eავტორი _95743 |
||
| 710 |
_aშ. რუსთაველის სახელმწ. უნ-ტი _bჰუმანიტ. მეცნ. ფაკ-ტი _95744 |
||
| 942 |
_cBK _2udc |
||